Petersson and others v Pitt Place (Epsom) Ltd (Record no. 68400)
[ view plain ]
| 000 -LEADER | |
|---|---|
| fixed length control field | 01473cam a2200217 4500 |
| 001 - CONTROL NUMBER | |
| control field | ABS64570 |
| 008 - FIXED-LENGTH DATA ELEMENTS--GENERAL INFORMATION | |
| fixed length control field | 010926n2001 000 0 eng u |
| 035 ## - SYSTEM CONTROL NUMBER | |
| System control number | (Sirsi) u114870 |
| 245 ## - TITLE STATEMENT | |
| Title | Petersson and others v Pitt Place (Epsom) Ltd |
| 260 ## - PUBLICATION, DISTRIBUTION, ETC. | |
| Date of publication, distribution, etc. | 2001 |
| 490 ## - SERIES STATEMENT | |
| Series statement | Property, Planning and Compensation Reports |
| Volume/sequential designation | [2001] 82 P&CR 276-285(5) |
| 520 ## - SUMMARY, ETC. | |
| Summary, etc. | CA 19 January 2001. A were the freehold owners of a substantial complex of flats. B were the tenants of three of the flats in block C of the complex. The issue on appeal was whether A was liable to repair the roof terraces of the flats in block C. A had covenanted by clause 4(c) of the Leases to 'maintain and keep in good and substantial repairƯthe main structure of the building'. A appealed against the CC's ruling that the roof terraces formed part of 'the main structure or roof thereof', and thus that they were liable for their repair. Appeal allowed on the grounds that the tenant of the upper flat had also covenanted, in the lease, to repair and maintain the roof terraces. Applying the presumption against impractical overlapping obligations, 'main structure' should be construed to exclude roof terraces. |
| 590 ## - LOCAL NOTE (RLIN) | |
| Local note | ABS |
| 650 ## - SUBJECT ADDED ENTRY--TOPICAL TERM | |
| Topical term or geographic name entry element | PETERSSON V PITT PLACE (EPSOM) |
| 650 ## - SUBJECT ADDED ENTRY--TOPICAL TERM | |
| Topical term or geographic name entry element | ROOF TERRACE |
| 650 ## - SUBJECT ADDED ENTRY--TOPICAL TERM | |
| Topical term or geographic name entry element | OBLIGATIONS TO REPAIR |
| 650 ## - SUBJECT ADDED ENTRY--TOPICAL TERM | |
| Topical term or geographic name entry element | REPAIRS |
| 650 ## - SUBJECT ADDED ENTRY--TOPICAL TERM | |
| Topical term or geographic name entry element | BUILT ENVIRONMENT-BUILDING MAINTENANCE AND REFURBISHMENT |
| 690 ## - LOCAL SUBJECT ADDED ENTRY--TOPICAL TERM (OCLC, RLIN) | |
| Topical term or geographic name as entry element | LANDLORD AND TENANT-LEASES-CASE LAW |
| 942 ## - ADDED ENTRY ELEMENTS (KOHA) | |
| Suppress in OPAC | 0 |
| Withdrawn status | Lost status | Source of classification or shelving scheme | Damaged status | Not for loan | Home library | Current library | Shelving location | Date acquired | Total Checkouts | Full call number | Barcode | Date last seen | Copy number | Price effective from | Koha item type |
|---|---|---|---|---|---|---|---|---|---|---|---|---|---|---|---|
| Dewey Decimal Classification | London | London | Journal article | 26/09/2001 | ABS64570 | 114870-1001 | 06/08/2019 | 1 | 06/08/2019 | Law report |